| 000 | 01561nam a2200349 a 4500 | ||
|---|---|---|---|
| 001 | ebr10657549 | ||
| 003 | CaPaEBR | ||
| 006 | m u | ||
| 007 | cr cn||||||||| | ||
| 008 | 121211s2013 enka s 001 0 eng d | ||
| 010 | _z 2012037879 | ||
| 020 | _z9781118481349 (cloth) | ||
| 020 | _z9781118481424 (pbk.) | ||
| 020 | _z9781118516904 (e-book) | ||
| 040 |
_aCaPaEBR _cCaPaEBR |
||
| 035 | _a(OCoLC)821560862 | ||
| 050 | 1 | 4 |
_aQC174.12 _b.S5217 2013eb |
| 082 | 0 | 4 |
_a530 _223 |
| 100 | 1 |
_aShepherd, Peter J. _q(Peter John) |
|
| 245 | 1 | 2 |
_aA course in theoretical physics _h[electronic resource] / _cP.J. Shepherd. |
| 260 |
_aChichester, West Sussex, U.K. : _bJohn Wiley & Sons, Inc., _c2013. |
||
| 300 |
_axvi, 465 p. : _bill. |
||
| 500 | _aIncludes index. | ||
| 500 | _a"Central concepts, laws and results, with full mathematical derivations, in: quantum mechanics, thermal and statistical physics, many-body theory, classical theory of fields, special and general relativity, relativistic quantum mechanics, gauge theories in particle physics." | ||
| 533 |
_aElectronic reproduction. _bPalo Alto, Calif. : _cebrary, _d2013. _nAvailable via World Wide Web. _nAccess may be limited to ebrary affiliated libraries. |
||
| 650 | 0 |
_aQuantum theory _vTextbooks. |
|
| 650 | 0 |
_aStatistical physics _vTextbooks. |
|
| 650 | 0 |
_aPhysics _vTextbooks. |
|
| 655 | 7 |
_aElectronic books. _2local |
|
| 710 | 2 | _aebrary, Inc. | |
| 856 | 4 | 0 |
_uhttp://site.ebrary.com/lib/rucke/Doc?id=10657549 _zAn electronic book accessible through the World Wide Web; click to view |
| 999 |
_c76951 _d76951 |
||